|
|
|
|
| LEADER |
00957nam#a2200277#a#4500 |
| 001 |
007846 |
| 003 |
AR-BeUNQ |
| 005 |
20190204135111.0 |
| 008 |
011106s1962####sp##################spa#d |
| 999 |
|
|
|c 10415
|d 85802
|
| 040 |
|
|
|a AR-beUNQ
|
| 099 |
|
|
|a 05-D32
|
| 100 |
1 |
|
|a Dernburg, Thomas F.
|
| 245 |
0 |
2 |
|a Macro-economía :
|b medición, análisis y control de la actividad económica total
|c Thomas F. Dernburg, Duncan M. McDougall.
|
| 260 |
|
|
|a Madrid :
|b Revista de Derecho Privado,
|c 1962
|
| 300 |
|
|
|a xvi, 404 p
|
| 490 |
0 |
|
|a Tratados y monografías de economía y hacienda ;
|v v. 26
|
| 650 |
|
7 |
|a MACROECONOMIA
|2 Spines
|
| 650 |
|
7 |
|a PRODUCTO NACIONAL BRUTO
|2 Spines
|
| 650 |
|
7 |
|a DISTRIBUCION DEL INGRESO
|2 toit
|
| 650 |
|
7 |
|a EMPLEO
|2 Spines
|
| 650 |
|
7 |
|a CICLO DE NEGOCIOS
|2 Spines
|
| 650 |
|
7 |
|a FINANZAS PUBLICAS
|2 Spines
|
| 700 |
1 |
|
|a McDougall, Duncan M.
|
| 929 |
|
|
|a COMPRA
|b Martha Blanco de Dieguez
|d 10,00E
|e 20011106
|f patrimonio
|j 30690
|
| 942 |
|
|
|c LIB
|n 0
|